000 00482nam a2200157 i 4500
001 87970
003 ES-MaACL
005 20230906175758.0
007 t|
008 041229n19001999sp ||||1| spa d
100 1 _aLados, Jean.
_969440
245 1 0 _aTratamiento del síndrome parkinsoniano post-encefalítico por la genoscopolamine /
_cpor Jean Lados.
260 _a[Largentière :
_bs.n.,
_c19--?] (
_fImp. Elie Mazel)
300 _a16 p. ;
_c21 cm.
852 _aES-MaACL
_j1733-F-4
999 _c87970
_d87970